[Event "Moscow Sirotin Memorial"]
[Site "Moscow"]
[Date "2008.12.??"]
[Round "?"]
[White "Paikidze, Nazi"]
[Black "Filatov, Dmitry"]
[Result "1/2-1/2"]
[WhiteElo "2292"]
[BlackElo "2309"]
[PlyCount "27"]
[EventDate "2008.12.??"]
[EventType "tourn"]
[EventRounds "11"]
[EventCountry "RUS"]
[EventCategory "3"]
[SourceTitle "EXT 2010"]
[Source "ChessBase"]
[SourceDate "2010.11.25"]
[SourceVersion "1"]
[SourceVersionDate "2010.11.25"]
[SourceQuality "1"]

1. e4 e5 2. Nf3 Nc6 3. Bb5 Nf6 4. 0-0 Nxe4 5. d4 Nd6 6. Bxc6 dxc6 7. dxe5 Nf5 8. Qxd8+ Kxd8 9. Nc3 Ke8 10. h3 h5 11. Bg5 Be7 12. Rad1 Be6 13. Rfe1 Rd8 14. Rxd8+ 1/2-1/2

[Event "Moscow Pripis Memorial"]
[Site "Moscow"]
[Date "2008.11.??"]
[Round "5"]
[White "Belous, Vladimir"]
[Black "Filatov, Dmitry"]
[Result "1/2-1/2"]
[WhiteElo "2428"]
[BlackElo "2309"]
[PlyCount "75"]
[EventDate "2008.11.??"]
[EventType "tourn"]
[EventRounds "11"]
[EventCountry "RUS"]
[EventCategory "3"]
[SourceTitle "EXT 2010"]
[Source "ChessBase"]
[SourceDate "2010.11.25"]
[SourceVersion "1"]
[SourceVersionDate "2010.11.25"]
[SourceQuality "1"]

1. d4 Nf6 2. c4 g6 3. Nc3 Bg7 4. e4 d6 5. Nf3 0-0 6. h3 e5 7. d5 a5 8. Bg5 Na6 9. Be2 Qe8 10. g4 Nd7 11. Rg1 Ndc5 12. h4 Kh8 13. Qd2 f6 14. Be3 Bd7 15. h5 g5 16. Kf1 h6 17. Ne1 Rf7 18. f3 Bf8 19. Nc2 Be7 20. Kg2 Bd8 21. b3 c6 22. Rgb1 cxd5 23. cxd5 b5 24. a3 a4 25. bxa4 bxa4 26. Bc4 Ba5 27. Nb4 Qc8 28. Nc6 Bxc3 29. Qxc3 Bxg4 30. Bxc5 Nxc5 31. fxg4 Qxg4+ 32. Kh2 Nxe4 33. Qe3 Qh4+ 34. Kg2 Qg4+ 35. Kh2 Qh4+ 36. Kg2 Qg4+ 37. Kh2 Qh4+ 38. Kg2 1/2-1/2

[Event "Moscow Pripis Memorial"]
[Site "Moscow"]
[Date "2008.11.??"]
[Round "7"]
[White "Filatov, Dmitry"]
[Black "Musaev, Mansur"]
[Result "1-0"]
[WhiteElo "2309"]
[BlackElo "2269"]
[PlyCount "63"]
[EventDate "2008.11.??"]
[EventType "tourn"]
[EventRounds "11"]
[EventCountry "RUS"]
[EventCategory "3"]
[SourceTitle "EXT 2010"]
[Source "ChessBase"]
[SourceDate "2010.11.25"]
[SourceVersion "1"]
[SourceVersionDate "2010.11.25"]
[SourceQuality "1"]

1. e4 c5 2. Nf3 d6 3. d4 cxd4 4. Nxd4 Nf6 5. Nc3 a6 6. Be2 e5 7. Nb3 Be7 8. Bg5 Be6 9. Bxf6 Bxf6 10. Qd3 Be7 11. 0-0-0 Qc7 12. Kb1 Nd7 13. Nd2 Rc8 14. Qg3 0-0 15. Bg4 b5 16. Rc1 Bg5 17. Bxe6 Bxd2 18. Nd5 fxe6 19. Nxc7 Rxc7 20. Rcd1 Bb4 21. Qh3 Rf6 22. c3 Bc5 23. b4 Bxf2 24. Rxd6 Nf8 25. Rhd1 Rc4 26. Qd3 Rf7 27. Rf1 a5 28. Rd8 axb4 29. Qe2 Bc5 30. Rxf7 Kxf7 31. Rc8 bxc3 32. Rxc5 1-0

[Event "Moscow Pripis Memorial"]
[Site "Moscow"]
[Date "2008.11.??"]
[Round "1"]
[White "Savina, Anastasia"]
[Black "Filatov, Dmitry"]
[Result "1-0"]
[WhiteElo "2268"]
[BlackElo "2309"]
[PlyCount "79"]
[EventDate "2008.11.??"]
[EventType "tourn"]
[EventRounds "11"]
[EventCountry "RUS"]
[EventCategory "3"]
[SourceTitle "EXT 2010"]
[Source "ChessBase"]
[SourceDate "2010.11.25"]
[SourceVersion "1"]
[SourceVersionDate "2010.11.25"]
[SourceQuality "1"]

1. d4 g6 2. c4 Bg7 3. e4 d6 4. Nc3 e5 5. dxe5 dxe5 6. Qxd8+ Kxd8 7. f4 Nc6 8. Nf3 Nd4 9. Bd3 Nxf3+ 10. gxf3 c6 11. fxe5 Bxe5 12. f4 Bd4 13. Ne2 Bg7 14. Rb1 Nh6 15. Rg1 f5 16. e5 Bf8 17. Rg2 Kc7 18. Be3 a5 19. Nc3 b6 20. Rc2 Bb4 21. a3 Bxc3+ 22. Rxc3 Be6 23. Be2 Nf7 24. Rd1 Rad8 25. Rxd8 Rxd8 26. Rd3 Rxd3 27. Bxd3 c5 28. Be2 Nd8 29. Kd2 Nc6 30. Kc3 Bd7 31. Bf3 Ne7 32. Bd5 Nxd5+ 33. cxd5 Bb5 34. b4 axb4+ 35. axb4 cxb4+ 36. Kxb4 Be2 37. Kc3 Ba6 38. Kd4 Bb7 39. Bd2 Kd7 40. e6+ 1-0

[Event "Moscow Pripis Memorial"]
[Site "Moscow"]
[Date "2008.11.??"]
[Round "6"]
[White "Trushelyov, Victor"]
[Black "Filatov, Dmitry"]
[Result "0-1"]
[WhiteElo "2340"]
[BlackElo "2309"]
[PlyCount "60"]
[EventDate "2008.11.??"]
[EventType "tourn"]
[EventRounds "11"]
[EventCountry "RUS"]
[EventCategory "3"]
[SourceTitle "EXT 2010"]
[Source "ChessBase"]
[SourceDate "2010.11.25"]
[SourceVersion "1"]
[SourceVersionDate "2010.11.25"]
[SourceQuality "1"]

1. e4 c5 2. Nf3 d6 3. Bb5+ Bd7 4. Bxd7+ Qxd7 5. 0-0 Nc6 6. b3 Nf6 7. Qe2 g6 8. Bb2 Bg7 9. h3 0-0 10. c4 e5 11. Nc3 Rae8 12. Rfe1 Nh5 13. Nd5 Ne7 14. d3 Nxd5 15. cxd5 Nf4 16. Qf1 Qb5 17. Red1 f5 18. Kh2 Nxd3 19. Ng5 Bh6 20. Qxd3 Qxd3 21. Rxd3 Bxg5 22. exf5 e4 23. Rdd1 Rxf5 24. Kg1 Ref8 25. Rf1 e3 26. f3 Rxd5 27. Rad1 Rxd1 28. Rxd1 e2 29. Re1 Re8 30. Kf2 Be3+ 0-1

[Event "Moscow op"]
[Site "Moscow"]
[Date "2008.05.07"]
[Round "7"]
[White "Drozdova, Dina"]
[Black "Filatov, Dmitry"]
[Result "0-1"]
[WhiteElo "2130"]
[BlackElo "2289"]
[PlyCount "34"]
[EventDate "2008.04.30"]
[EventType "swiss"]
[EventRounds "9"]
[EventCountry "RUS"]
[SourceTitle "CBM 124 Extra"]
[Source "ChessBase"]
[SourceDate "2008.07.03"]
[SourceVersion "1"]
[SourceVersionDate "2008.07.03"]
[SourceQuality "1"]

1. d4 Nf6 2. c4 g6 3. Nc3 Bg7 4. e4 d6 5. h3 0-0 6. Nf3 e5 7. d5 Na6 8. Be3 Nh5 9. Nd2 Qe8 10. g4 Nf4 11. Qf3 f5 12. exf5 gxf5 13. g5 Nb4 14. 0-0-0 Nfd3+ 15. Kb1 e4 16. Qg2 Bxc3 17. Nxe4 Qa4 0-1

[Event "Moscow op"]
[Site "Moscow"]
[Date "2008.04.30"]
[Round "1"]
[White "Nersesian, Vagram Arshakovich"]
[Black "Filatov, Dmitry"]
[Result "0-1"]
[WhiteElo "2033"]
[BlackElo "2289"]
[PlyCount "134"]
[EventDate "2008.04.30"]
[EventType "swiss"]
[EventRounds "9"]
[EventCountry "RUS"]
[SourceTitle "CBM 124 Extra"]
[Source "ChessBase"]
[SourceDate "2008.07.03"]
[SourceVersion "1"]
[SourceVersionDate "2008.07.03"]
[SourceQuality "1"]

1. e4 d6 2. d4 g6 3. Nf3 Bg7 4. c3 Nf6 5. Qc2 0-0 6. Bc4 Bg4 7. Be3 d5 8. exd5 Nxd5 9. Qe4 Nxe3 10. fxe3 Bxf3 11. Qxf3 c6 12. 0-0 e6 13. Nd2 Nd7 14. Ne4 Qe7 15. Rae1 a5 16. a4 Kh8 17. Qg3 h6 18. Qc7 Qd8 19. Qxd8 Raxd8 20. Nd6 Bf6 21. Nxb7 Ra8 22. e4 Kg7 23. b3 Ra7 24. Nd6 Be7 25. Rxf7+ Rxf7 26. Nxf7 Kxf7 27. Rf1+ Ke8 28. Bxe6 Nf8 29. Bf7+ Kd7 30. Rd1 g5 31. e5 Ba3 32. Kf2 Ke7 33. Bc4 Ng6 34. Kf3 Bb2 35. Kg4 Bxc3 36. Rd3 Bb2 37. Rd2 Bc3 38. Rd3 Bb4 39. g3 Kf8 40. Rf3+ Kg7 41. Rf6 Rd7 42. Kh5 Nf8 43. Rxc6 Rxd4 44. Rxh6 Re4 45. Rf6 Rxe5 46. Rf7+ Kh8 47. g4 Re3 48. Kxg5 Rh3 49. Rf2 Be7+ 50. Kf5 Bc5 51. Rc2 Bd6 52. Rd2 Bc7 53. Rd5 Rxh2 54. Kf6 Rf2+ 55. Ke7 Kg7 56. Rg5+ Ng6+ 57. Kd7 Be5 58. Bd3 Rd2 59. Rxg6+ Kf7 60. Rb6 Rxd3+ 61. Kc8 Bc3 62. Kb7 Bb4 63. Ka6 Rxb3 64. Rb5 Re3 65. Rxa5 Re6+ 66. Kb5 Bxa5 67. Kxa5 Ke7 0-1

[Event "Moscow op-B 04th"]
[Site "Moscow"]
[Date "2008.02.05"]
[Round "4"]
[White "Beliaev, Boris"]
[Black "Filatov, Dmitry"]
[Result "0-1"]
[WhiteElo "2136"]
[BlackElo "2295"]
[PlyCount "78"]
[EventDate "2008.02.02"]
[EventType "swiss"]
[EventRounds "9"]
[EventCountry "RUS"]
[SourceTitle "CBM 122 Extra"]
[Source "ChessBase"]
[SourceDate "2008.03.04"]
[SourceVersion "1"]
[SourceVersionDate "2008.03.04"]
[SourceQuality "1"]

1. e4 c5 2. Nf3 d6 3. d4 cxd4 4. Nxd4 Nf6 5. Nc3 a6 6. f3 e5 7. Nde2 Be6 8. Bg5 Nbd7 9. Qd2 b5 10. g4 Nb6 11. Ng3 h6 12. Bxf6 Qxf6 13. Nf5 g6 14. Qf2 Qd8 15. Ne3 b4 16. Ncd5 Bxd5 17. exd5 Bg7 18. Bd3 e4 19. Bxe4 Bxb2 20. Rb1 Bc3+ 21. Kf1 a5 22. Rd1 Na4 23. h4 h5 24. Kg2 Nc5 25. g5 Qe7 26. Nc4 Qc7 27. f4 Nd3 28. cxd3 a4 29. Qb6 Qxb6 30. Nxb6 Ra5 31. d4 a3 32. f5 b3 33. axb3 a2 34. Ra1 Bxa1 35. Rxa1 Ke7 36. fxg6 fxg6 37. Bxg6 Rb8 38. Nc4 Rxb3 39. Bxh5 Rb1 0-1

[Event "Dimitrov IM-A"]
[Site "Dimitrov"]
[Date "2007.07.28"]
[Round "13"]
[White "Nechaeva, Marina"]
[Black "Filatov, Dmitry"]
[Result "1-0"]
[WhiteElo "2226"]
[BlackElo "2292"]
[PlyCount "131"]
[EventDate "2007.07.07"]
[EventType "tourn"]
[EventRounds "19"]
[EventCountry "RUS"]
[EventCategory "1"]
[SourceTitle "CBM 119 Extra"]
[Source "ChessBase"]
[SourceDate "2007.09.04"]
[SourceVersion "1"]
[SourceVersionDate "2007.09.04"]
[SourceQuality "1"]

1. d4 Nf6 2. c4 g6 3. Nc3 Bg7 4. e4 d6 5. Bd3 0-0 6. Nge2 c5 7. d5 e6 8. 0-0 exd5 9. cxd5 Re8 10. Ng3 a6 11. a4 Qc7 12. h3 Nbd7 13. f4 Rb8 14. Qf3 c4 15. Bc2 b5 16. axb5 axb5 17. Be3 b4 18. Ra7 Qd8 19. Nce2 b3 20. Bb1 Rb7 21. Ra6 Nc5 22. Bxc5 dxc5 23. Nc3 Rd7 24. Ra8 Qb6 25. e5 Bb7 26. exf6 Bxa8 27. fxg7 Kxg7 28. f5 Qf6 29. Kh1 Qd4 30. Nh5+ Kh8 31. fxg6 hxg6 32. Rd1 Re3 33. Qf6+ Qxf6 34. Nxf6 Rd8 35. Be4 Kg7 36. Rf1 Rg3 37. h4 Rh8 38. Kh2 Re3 39. g3 Rb8 40. g4 Bb7 41. g5 Rh8 42. Rf4 Bc8 43. Bf3 Bf5 44. h5 Rd8 45. h6+ Kf8 46. Be4 Bc8 47. Bb1 Ba6 48. Re4 Rf3 49. Re2 Bc8 50. Be4 Rf1 51. Bg2 Rc1 52. Be4 Rf1 53. d6 Be6 54. d7 Rc1 55. Bxg6 Bxd7 56. Rd2 fxg6 57. Nxd7+ Ke7 58. Re2+ Kd6 59. Ne5 Kc7 60. Nxg6 Rd7 61. Nf8 Rf7 62. Ne6+ Kb6 63. g6 Rff1 64. h7 Rh1+ 65. Kg3 Rhg1+ 66. Rg2 1-0

[Event "Dimitrov IM-A"]
[Site "Dimitrov"]
[Date "2007.07.26"]
[Round "8"]
[White "Filatov, Dmitry"]
[Black "Tologontegin, Semetey"]
[Result "1/2-1/2"]
[WhiteElo "2292"]
[BlackElo "2320"]
[PlyCount "114"]
[EventDate "2007.07.07"]
[EventType "tourn"]
[EventRounds "19"]
[EventCountry "RUS"]
[EventCategory "1"]
[SourceTitle "CBM 119 Extra"]
[Source "ChessBase"]
[SourceDate "2007.09.04"]
[SourceVersion "1"]
[SourceVersionDate "2007.09.04"]
[SourceQuality "1"]

1. e4 c5 2. Nf3 d6 3. d4 cxd4 4. Nxd4 Nf6 5. Nc3 a6 6. Be2 e5 7. Nb3 Be7 8. Bg5 Be6 9. Bxf6 Bxf6 10. Qd3 0-0 11. 0-0-0 Be7 12. Nd5 Bg5+ 13. Kb1 Nc6 14. h4 Bxh4 15. g3 Bf6 16. Qf3 Bg5 17. Qh5 h6 18. f4 Bf6 19. Nd2 Bxd5 20. exd5 Nd4 21. Bd3 exf4 22. gxf4 Re8 23. c3 Nb5 24. Rdg1 Kf8 25. Nc4 Rc8 26. Qf5 Rxc4 27. Bxc4 Qb6 28. Bxb5 Qxb5 29. Re1 Kg8 30. Rxe8+ Qxe8 31. Qd3 Qd7 32. Re1 g6 33. Qe4 Qg4 34. c4 Qg3 35. Qe3 Qh2 36. Re2 Qh1+ 37. Kc2 Qg1 38. Qb3 Qf1 39. Qe3 Qa1 40. Kb3 Qd1+ 41. Rc2 Kg7 42. Qe2 Qd4 43. Qd2 Qc5 44. a3 h5 45. Ka2 a5 46. b4 axb4 47. axb4 Qa7+ 48. Kb3 h4 49. c5 dxc5 50. bxc5 Qa6 51. Qe2 Qa5 52. Qc4 b5 53. Qe4 Qa1 54. c6 Qb1+ 55. Ka3 Qa1+ 56. Kb3 Qb1+ 57. Ka3 Qa1+ 1/2-1/2

[Event "Dimitrov IM-A"]
[Site "Dimitrov"]
[Date "2007.07.22"]
[Round "1"]
[White "Filatov, Dmitry"]
[Black "Fokin, Stanislav"]
[Result "1-0"]
[WhiteElo "2292"]
[BlackElo "2114"]
[PlyCount "61"]
[EventDate "2007.07.07"]
[EventType "tourn"]
[EventRounds "19"]
[EventCountry "RUS"]
[EventCategory "1"]
[SourceTitle "CBM 119 Extra"]
[Source "ChessBase"]
[SourceDate "2007.09.04"]
[SourceVersion "1"]
[SourceVersionDate "2007.09.04"]
[SourceQuality "1"]

1. Nf3 Nf6 2. g3 g6 3. Bg2 Bg7 4. 0-0 0-0 5. d3 d5 6. Nbd2 c5 7. e4 Nc6 8. Re1 e5 9. c3 Re8 10. Qa4 d4 11. cxd4 cxd4 12. b4 Nd7 13. Nc4 Nb6 14. Nxb6 Qxb6 15. Rb1 Bd7 16. Nd2 a6 17. Qd1 Qc7 18. a4 Bf8 19. b5 axb5 20. axb5 Nb4 21. b6 Qxb6 22. Nc4 Qa6 23. Ba3 Ba4 24. Qd2 b5 25. Nxe5 Nc2 26. Bxf8 Kxf8 27. Nd7+ Kg7 28. Rec1 Qd6 29. Bh3 Ra7 30. e5 Qe7 31. Nf6 1-0

[Event "Moscow op 02nd"]
[Site "Moscow"]
[Date "2006.02.01"]
[Round "4"]
[White "Filatov, Dmitry"]
[Black "Grachev, Boris V"]
[Result "0-1"]
[WhiteElo "2360"]
[BlackElo "2510"]
[PlyCount "66"]
[EventDate "2006.01.29"]
[EventType "swiss"]
[EventRounds "9"]
[EventCountry "RUS"]
[SourceTitle "CBM 110 Extra"]
[Source "ChessBase"]
[SourceDate "2006.03.10"]
[SourceVersion "2"]
[SourceVersionDate "2006.03.10"]
[SourceQuality "1"]

1. e4 c5 2. Nf3 d6 3. d4 cxd4 4. Nxd4 Nf6 5. Nc3 a6 6. Bg5 Nc6 7. f4 Ng4 8. Qd2 h6 9. Bh4 g5 10. Bg3 gxf4 11. Nxc6 bxc6 12. Bxf4 Bg7 13. h3 Ne5 14. Be2 Be6 15. Be3 Rg8 16. Bxh6 Bf6 17. 0-0-0 Rb8 18. Na4 Bc4 19. b3 Bb5 20. Nb2 c5 21. a4 Bc6 22. Bxa6 Rb4 23. Rhf1 Rg6 24. Be3 Qb8 25. g4 Rxe4 26. Rf4 Rxe3 27. Qxe3 Bg5 28. h4 Nxg4 29. Qg3 Bh6 30. Kb1 Nf6 31. Qf2 Bxf4 32. Qxf4 Ne4 33. Bb5 Nc3+ 0-1

[Event "RUS Summer U16 2nd"]
[Site "Satka"]
[Date "2005.07.04"]
[Round "7"]
[White "Filatov, Dmitry"]
[Black "Malchikov, Anton"]
[Result "1/2-1/2"]
[WhiteElo "2294"]
[BlackElo "2185"]
[PlyCount "131"]
[EventDate "2005.06.27"]
[EventType "swiss"]
[EventRounds "9"]
[EventCountry "RUS"]
[SourceTitle "CBM 107 Extra"]
[Source "ChessBase"]
[SourceDate "2005.09.01"]
[SourceVersion "1"]
[SourceVersionDate "2005.09.01"]
[SourceQuality "1"]

1. e4 c5 2. Nf3 e6 3. c3 d5 4. exd5 Qxd5 5. d4 Nf6 6. Be3 cxd4 7. cxd4 Nc6 8. Nc3 Qa5 9. a3 Nd5 10. Bd2 Qb6 11. Na4 Qc7 12. b4 a6 13. Rc1 Be7 14. Qc2 Bf6 15. Bd3 Qe7 16. 0-0 Bd7 17. Nc5 Nxd4 18. Nxd4 Bxd4 19. Nxb7 h6 20. Nc5 0-0 21. Nxd7 Qxd7 22. Qc6 Qa7 23. Be4 Nf6 24. Bf3 Rac8 25. Qxc8 Rxc8 26. Rxc8+ Kh7 27. Bc3 e5 28. Ra8 Qb6 29. Bxd4 Qxd4 30. Rd1 Qc4 31. Rad8 e4 32. R8d4 Qc2 33. R4d2 Qc3 34. Be2 Qxa3 35. Rd4 g6 36. Kf1 Kg7 37. g3 h5 38. h4 Qa2 39. Rd6 Qb3 40. Rxa6 Qxb4 41. Rdd6 Ng4 42. Bxg4 hxg4 43. Rab6 Qc3 44. Rb7 Qc4+ 45. Ke1 Qc1+ 46. Ke2 Qc2+ 47. Ke1 Qc1+ 48. Ke2 Qc2+ 49. Ke1 e3 50. fxe3 Qg2 51. Rdd7 Qxg3+ 52. Ke2 Qf3+ 53. Kd3 Qf1+ 54. Kd2 Qf2+ 55. Kd3 Qf5+ 56. Kd2 Qa5+ 57. Ke2 Qa2+ 58. Ke1 Qa1+ 59. Kf2 Qf6+ 60. Kg1 Qxh4 61. Rxf7+ Kg8 62. Rfc7 Qe1+ 63. Kg2 Qe2+ 64. Kg3 Qxe3+ 65. Kxg4 Qe4+ 66. Kg3 1/2-1/2

[Event "Moscow Petrosian Memorial U18"]
[Site "Moscow"]
[Date "2005.01.??"]
[Round "7"]
[White "Filatov, Dmitry"]
[Black "Mozharov, Mikhail"]
[Result "0-1"]
[WhiteElo "2294"]
[BlackElo "2272"]
[PlyCount "80"]
[EventDate "2005.01.??"]
[EventType "swiss"]
[EventRounds "9"]
[EventCountry "RUS"]
[SourceTitle "EXT 2006"]
[Source "ChessBase"]
[SourceDate "2005.11.24"]
[SourceVersion "1"]
[SourceVersionDate "2005.11.24"]
[SourceQuality "1"]

1. e4 c5 2. Nf3 Nc6 3. Bb5 g6 4. 0-0 Bg7 5. Bxc6 dxc6 6. d3 Nf6 7. Nc3 0-0 8. h3 Ne8 9. Be3 b6 10. Qd2 Nc7 11. Bh6 Ne6 12. Ne2 Qd6 13. a4 Rd8 14. Bxg7 Kxg7 15. b3 Ba6 16. Ng5 Nd4 17. Nxd4 Qxd4 18. Nf3 Qd6 19. e5 Qd5 20. Qf4 Bc8 21. Rfe1 Be6 22. Re3 h6 23. h4 b5 24. Rae1 c4 25. dxc4 bxc4 26. bxc4 Qxc4 27. Qxc4 Bxc4 28. Rb1 Rab8 29. Rxb8 Rxb8 30. Nd4 Bd5 31. c4 Bxc4 32. Nxc6 Rb7 33. Ra3 Bd5 34. Nd4 Rb1+ 35. Kh2 Rb4 36. Nb5 a6 37. Nc7 Bb7 38. Rd3 Rxh4+ 39. Kg3 Rc4 40. Rd7 Bc6 0-1

[Event "RUS-ch U16"]
[Site "Dagomys"]
[Date "2004.04.??"]
[Round "?"]
[White "Filatov, Dmitry"]
[Black "Davydenko, Andrey"]
[Result "1-0"]
[WhiteElo "2287"]
[BlackElo "2081"]
[PlyCount "70"]
[EventDate "2004.04.??"]
[EventType "swiss"]
[EventRounds "10"]
[EventCountry "RUS"]
[SourceTitle "EXT 2005"]
[Source "ChessBase"]
[SourceDate "2004.11.15"]
[SourceVersion "1"]
[SourceVersionDate "2004.11.15"]
[SourceQuality "1"]

1. e4 c5 2. Nf3 Nc6 3. Bb5 g6 4. 0-0 Bg7 5. Bxc6 bxc6 6. Re1 Nh6 7. c3 0-0 8. d4 cxd4 9. cxd4 f6 10. Nc3 Nf7 11. Be3 Rb8 12. Rb1 Qa5 13. Nd2 d6 14. a3 f5 15. Qc1 Qa6 16. b4 e5 17. dxe5 Nxe5 18. Qc2 Kh8 19. Bd4 fxe4 20. Ncxe4 Bf5 21. Qc3 Qd3 22. Bxe5 Qxc3 23. Bxc3 Bxc3 24. Nxc3 Bxb1 25. Rxb1 a5 26. Nde4 axb4 27. axb4 d5 28. Nc5 Rf4 29. Nd3 Rc4 30. Na4 Rd4 31. Nac5 Ra8 32. Rf1 Ra2 33. Re1 Kg8 34. Re8+ Kf7 35. Re3 Kg8 1-0

[Event "RUS-ch U16"]
[Site "Dagomys"]
[Date "2004.04.??"]
[Round "?"]
[White "Filatov, Dmitry"]
[Black "Potapov, Alexey"]
[Result "1-0"]
[WhiteElo "2287"]
[BlackElo "2118"]
[PlyCount "39"]
[EventDate "2004.04.??"]
[EventType "swiss"]
[EventRounds "10"]
[EventCountry "RUS"]
[SourceTitle "EXT 2005"]
[Source "ChessBase"]
[SourceDate "2004.11.15"]
[SourceVersion "1"]
[SourceVersionDate "2004.11.15"]
[SourceQuality "1"]

1. e4 e6 2. d4 b6 3. c4 Bb7 4. Bd3 f5 5. exf5 exf5 6. Nf3 Bb4+ 7. Kf1 g6 8. Be2 Nf6 9. c5 bxc5 10. a3 Ba5 11. dxc5 c6 12. Bc4 Qe7 13. b4 Bc7 14. Ra2 Kd8 15. Re2 Qf8 16. Qd4 Kc8 17. Bb2 Bd8 18. Ng5 Na6 19. Nf7 Nc7 20. Nxd8 1-0

[Event "RUS-ch U16"]
[Site "Dagomys"]
[Date "2004.04.??"]
[Round "?"]
[White "Malakhov, Igor"]
[Black "Filatov, Dmitry"]
[Result "1/2-1/2"]
[WhiteElo "2186"]
[BlackElo "2287"]
[PlyCount "67"]
[EventDate "2004.04.??"]
[EventType "swiss"]
[EventRounds "10"]
[EventCountry "RUS"]
[SourceTitle "EXT 2005"]
[Source "ChessBase"]
[SourceDate "2004.11.15"]
[SourceVersion "1"]
[SourceVersionDate "2004.11.15"]
[SourceQuality "1"]

1. e4 c5 2. Nf3 d6 3. d4 cxd4 4. Nxd4 Nf6 5. Nc3 a6 6. h3 b5 7. g4 Bb7 8. Bg2 e6 9. a3 Be7 10. 0-0 d5 11. e5 Ne4 12. Nxe4 dxe4 13. Re1 0-0 14. c3 Bc5 15. Bf4 Bxd4 16. Qxd4 Qxd4 17. cxd4 Nd7 18. Bxe4 Bxe4 19. Rxe4 Nb6 20. Ree1 Rac8 21. Rec1 Rfd8 22. Rxc8 Rxc8 23. Rc1 Rxc1+ 24. Bxc1 Kf8 25. Kg2 Nd5 26. Bd2 Ke7 27. Kf3 Kd7 28. h4 g6 29. h5 Ne7 30. hxg6 hxg6 31. Kf4 Nd5+ 32. Kg5 Ke8 33. Ba5 Ke7 34. Bb4+ 1/2-1/2

[Event "RUS-ch U16"]
[Site "Dagomys"]
[Date "2004.04.??"]
[Round "?"]
[White "Zatsepin, Ilya"]
[Black "Filatov, Dmitry"]
[Result "1-0"]
[WhiteElo "2159"]
[BlackElo "2287"]
[PlyCount "75"]
[EventDate "2004.04.??"]
[EventType "swiss"]
[EventRounds "10"]
[EventCountry "RUS"]
[SourceTitle "EXT 2005"]
[Source "ChessBase"]
[SourceDate "2004.11.15"]
[SourceVersion "1"]
[SourceVersionDate "2004.11.15"]
[SourceQuality "1"]

1. e4 c5 2. Nf3 d6 3. d4 cxd4 4. Nxd4 Nf6 5. Nc3 a6 6. Be3 e5 7. Nb3 Be6 8. Be2 Be7 9. a4 0-0 10. 0-0 Nbd7 11. a5 Qc7 12. Nd5 Nxd5 13. exd5 Bf5 14. c4 Bg6 15. Rc1 f5 16. f4 Nc5 17. Nxc5 dxc5 18. fxe5 Qxe5 19. Bf4 Qxb2 20. Rb1 Qc3 21. Rxb7 Bf6 22. Qd2 Bd4+ 23. Kh1 Qxd2 24. Bxd2 Rae8 25. Bf3 f4 26. Rb6 Bd3 27. Rc1 Be3 28. Bxe3 fxe3 29. Rxa6 e2 30. Re6 Bxc4 31. Kg1 g5 32. Rxe8 Rxe8 33. Kf2 g4 34. Bxg4 e1Q+ 35. Rxe1 Rf8+ 36. Kg3 Bxd5 37. Re5 Bb7 38. Rxc5 1-0

[Event "St Petersburg White Nights op1"]
[Site "St Petersburg"]
[Date "2002.??.??"]
[Round "4"]
[White "Deviatkin, Andrei"]
[Black "Filatov, Dmitry"]
[Result "1-0"]
[WhiteElo "2414"]
[BlackElo "2149"]
[PlyCount "121"]
[EventDate "2002.??.??"]
[EventType "swiss"]
[EventRounds "9"]
[EventCountry "RUS"]
[SourceTitle "EXT 2003"]
[Source "ChessBase"]
[SourceDate "2002.11.25"]
[SourceVersion "1"]
[SourceVersionDate "2002.11.25"]
[SourceQuality "1"]

1. e4 d6 2. f4 g6 3. Nf3 Bg7 4. Bc4 c6 5. Bb3 d5 6. e5 h5 7. d4 Bg4 8. Be3 Nh6 9. Bf2 Nd7 10. h3 Bf5 11. Nbd2 Qa5 12. Qe2 Nf8 13. 0-0 Ne6 14. Be3 Rd8 15. Qf2 Rd7 16. a3 Qd8 17. Rfc1 0-0 18. c4 dxc4 19. Bxc4 Nc7 20. Nb3 Nd5 21. Nc5 Rc7 22. Bd2 b6 23. Na6 Rc8 24. Nb4 Qd7 25. a4 Nxb4 26. Bxb4 Rfd8 27. d5 cxd5 28. Bb5 Qb7 29. Nd4 a6 30. Bc6 Qa7 31. a5 bxa5 32. Bc5 Qc7 33. Nxf5 Nxf5 34. Bb6 Qb8 35. Bxd8 Rxd8 36. Rxa5 d4 37. Rxa6 Qb4 38. Ra4 Qb3 39. Ra3 Qb6 40. Ra8 Rxa8 41. Bxa8 f6 42. Be4 fxe5 43. Bxf5 gxf5 44. fxe5 e6 45. Rc8+ Kh7 46. Kh1 Qb7 47. Rd8 Qe4 48. Qxd4 Qe1+ 49. Qg1 Qxe5 50. Qd1 Kg6 51. b3 Qc3 52. Rd3 Qe5 53. Rd6 Bf6 54. b4 Qb5 55. Rxe6 Qxb4 56. Qa1 Qf8 57. h4 Qf7 58. Qe1 Kh7 59. Rc6 Qg7 60. Qe6 Kg6 61. Rc5 1-0

[Event "St Petersburg White Nights op1"]
[Site "St Petersburg"]
[Date "2002.??.??"]
[Round "1"]
[White "Filatov, Dmitry"]
[Black "Karasev, Vladimir I"]
[Result "0-1"]
[WhiteElo "2149"]
[BlackElo "2436"]
[PlyCount "76"]
[EventDate "2002.??.??"]
[EventType "swiss"]
[EventRounds "9"]
[EventCountry "RUS"]
[SourceTitle "EXT 2003"]
[Source "ChessBase"]
[SourceDate "2002.11.25"]
[SourceVersion "1"]
[SourceVersionDate "2002.11.25"]
[SourceQuality "1"]

1. e4 c5 2. Nf3 e6 3. d3 Nc6 4. g3 e5 5. Bg2 d6 6. 0-0 Be7 7. c3 Nf6 8. d4 cxd4 9. cxd4 Bg4 10. d5 Nd4 11. Nc3 Nd7 12. Be3 Bf6 13. Bxd4 Bxf3 14. Bxf3 exd4 15. Ne2 Qb6 16. Rb1 0-0 17. Nf4 Qa6 18. a3 Nc5 19. Be2 Qb6 20. Nh5 Be5 21. f4 d3 22. fxe5 dxe2 23. Qxe2 Nd3+ 24. Kg2 Nxe5 25. Rbc1 Rac8 26. Nf4 Qb3 27. Kh3 g6 28. Qf2 Qa4 29. Rce1 Rc2 30. Re2 Rfc8 31. Rfe1 Qxe4 32. Rxc2 Rxc2 33. Rxe4 Rxf2 34. Ra4 h5 35. Rxa7 Nf3 36. g4 h4 37. g5 Rxh2+ 38. Kg4 Ne5# 0-1